International Symposium on "Nomads and Use of Pastures Today."
Saved in:
| Corporate Authors: | , |
|---|---|
| Format: | Book |
| Language: | English |
| Published: |
Ulaanbaatar :
["ADMON" kompani],
2000.
|
| Subjects: | |
| Tags: |
Add Tag
No Tags, Be the first to tag this record!
|
| LEADER | 01576cam a2200337 a 4500 | ||
|---|---|---|---|
| 001 | 009857749-2 | ||
| 005 | 20090908175648.0 | ||
| 008 | 040630s2000 mp a b 100 0 eng | ||
| 025 | |a Mn-E-00-372647; 13; 03 | ||
| 035 | 0 | |a ocm55788723 | |
| 040 | |a XFF |c XFF |d IUL | ||
| 042 | |a pcc | ||
| 043 | |a ac----- |a a-mp--- | ||
| 050 | 4 | |a DS327.25 |b .I569 1999 | |
| 111 | 2 | |a International Symposium on "Nomads and Use of Pastures Today |d (1999 : |c Ulaanbaatar, Mongolia) | |
| 245 | 1 | 0 | |a International Symposium on "Nomads and Use of Pastures Today." |
| 246 | 1 | 4 | |a Nomads and use of pastures today |
| 260 | |a Ulaanbaatar : |b ["ADMON" kompani], |c 2000. | ||
| 300 | |a 256 p. : |b ill. ; |c 22 cm. | ||
| 500 | |a At head of title: International Institute for the Study of Nomadic Civilizations. | ||
| 500 | |a Selected papers in English from the symposium held in Ulaanbaatar, 13-14 Dec., 1999; some papers represented only by abstracts. | ||
| 504 | |a Includes bibliographical references. | ||
| 651 | 0 | |a Asia, Central |x Civilization |v Congresses. | |
| 650 | 0 | |a Mongols |x Civilization |v Congresses. | |
| 650 | 0 | |a Nomads |z Asia, Central |v Congresses. | |
| 650 | 0 | |a Land use |z Asia, Central |v Congresses. | |
| 710 | 2 | |a International Institute for the Study of Nomadic Civilizations. | |
| 752 | |a Mongolia |d Ulaanbaatar. | ||
| 776 | 0 | 8 | |i Online version: |a International Symposium on "Nomads and Use of Pastures Today" (1999 : Ulaanbaatar, Mongolia). |t International Symposium on "Nomads and Use of Pastures Today.". |d Ulaanbaatar : ["ADMON" kompani], 2000 |w (OCoLC)755028061 |
| 988 | |a 20060127 | ||
| 906 | |0 OCLC | ||


